| Tag |
First Indicator |
Second Indicator |
Subfields |
| LEADER |
00000cam a22000001a 4500 |
| 001 |
in00002789566 |
| 005 |
20190331180717.0 |
| 006 |
m o d |
| 007 |
cr bn mmmapmmp |
| 008 |
091225s1900 dcud o f000 0 eng d |
| 035 |
|
|
|a cis2004329294
|
| 040 |
|
|
|a UMI
|c UMI
|d UtOrBLW
|
| 043 |
|
|
|a n-us---
|
| 086 |
0 |
|
|a I 23.1/1:899
|
| 099 |
|
|
|a ProQuest Serial Set Number 3855 S.doc.185
|
| 110 |
1 |
|
|a United States.
|b Patent Office.
|
| 245 |
1 |
0 |
|a Annual Report of the Commissioner of Patents for the year 1899.
|
| 246 |
1 |
|
|a Patent Office, 1899, with indexes
|
| 264 |
|
1 |
|a Washington :
|b [publisher not identified],
|c 1900.
|
| 300 |
|
|
|a 1 online resource.
|
| 336 |
|
|
|a text
|b txt
|2 rdacontent
|
| 337 |
|
|
|a computer
|b c
|2 rdamedia
|
| 338 |
|
|
|a online resource
|b cr
|2 rdacarrier
|
| 490 |
0 |
|
|a S.doc.185
|
| 500 |
|
|
|a Record is based on bibliographic data in ProQuest U.S. Serial Set Digital Collection (last viewed Dec. 2009). Reuse except for individual research requires license from ProQuest, LLC.
|
| 510 |
3 |
|
|a ProQuest U.S. Serial Set Digital Collection
|
| 500 |
|
|
|a Electronic resource.
|
| 650 |
|
0 |
|a Patent offices.
|
| 650 |
|
0 |
|a Patents.
|
| 650 |
|
0 |
|a Trademarks.
|
| 655 |
|
7 |
|a Electronic books.
|2 local
|
| 710 |
2 |
|
|a ProQuest (Firm)
|
| 830 |
|
0 |
|a United States congressional serial set.
|
| 856 |
4 |
0 |
|u http://proxy.library.tamu.edu/login?url=http://congressional.proquest.com/congcomp/getdoc?SERIAL-SET-ID=3855+S.doc.185
|z Connect to the full text of this electronic book
|t 0
|
| 999 |
|
|
|a MARS
|
| 999 |
f |
f |
|s e32065df-2085-3613-a5b2-c314c29e5d27
|i a9375a35-bdb9-3bc6-9fab-c2b450cf52dd
|t 0
|
| 952 |
f |
f |
|a Texas A&M University
|b College Station
|c Electronic Resources
|d Available Online
|t 0
|e ProQuest Serial Set Number 3855 S.doc.185
|h Other scheme
|
| 998 |
f |
f |
|a ProQuest Serial Set Number 3855 S.doc.185
|t 0
|l Available Online
|